K-pop Demon Hunters characters quiz - Statistics

General Stats
  • This quiz has been taken 263 times
  • The average score is 10 of 12
Answer Stats
Picture Answer % Correct
Rumi
98%
Jinu
96%
Mira
96%
Zoey
95%
Bobby
89%
Abby
88%
Mystery
85%
Baby Saja
83%
Romance
81%
Gwi ma
72%
Celine
68%
Healer Han
23%
No matching quizzes found
Score Distribution
Percent of People with Each Score
Percentile by Number Answered
Your Score History
You have not taken this quiz